000 00578nam a2200193Ia 4500
003 GCL
008 140319s9999 xx 000 0 ara d
040 _aGCL /
_cGCL
082 0 4 _a780.92
_bم م
100 1 _aمجدى العمروسى
245 1 0 _aمحمد عبدالوهاب /
_cمجدى العمروسى
300 _a230 ص
490 _aالهيئة العامة للاستعلامات
_v0
650 0 4 _aالفن
650 0 4 _aمحمد عبدالوهاب
650 0 4 _aالفنانون - تراجم
650 0 4 _aالموسيقيون - تراجم
942 _2ddc
_cBK
999 _c48880
_d48880